000 00970nas a2200325 4500
001 BR0810004
003 BR-BrBNA
005 20231205112926.0
007 ta
008 230509b bl.|||p| |||| 00| 00por d
040 _aBR-BrBNA
_bpor
_cBiblioteca Nacional de Agricultura
041 _a(Pt)
072 _aQ02
100 1 _aNascimento, L.C. do
100 1 _aLima, L.C. de O.
100 1 _aPicolli, R.H.
100 1 _aFiorinf, J.E.
100 1 _aDuarte, S.M. da
100 1 _aSilva, J.M.S.F. da
100 1 _aOliveira, N. de M.S.
100 1 _aVeiga, S.M. de O.M.
245 1 _aOzônio e ultra-som: Processos alternativos para o tratamento do café despolpado.
650 _aOZÔNIO
650 _aULTRA-SOM
650 _aCAFÉ
650 _aTRATAMENTO
773 0 _tCiência e Tecnologia de Alimentos (Brazil)
_xISSN 0101-2061
_g(Apr-Jun 2008), v. 28(2) p. 282-294
_wBR0810004
909 _a202311
_bLúcia
_c55
_dLúcia Elande
942 _2AGRIS
_n0
_cANA
999 _c200826
_d200826